Statistics for Vikings 1st String Offensive Players 2021-2022

Click here to take the quiz!

General Stats

  • This quiz has been taken 10 times
  • The average score is 5 of 11

Answer Stats

HintAnswer% Correct
QBKirk Cousins
100%
RBDalvin Cook
89%
WR1Justin Jefferson
89%
WR2Adam Thielen
78%
FBC.J. Ham
56%
WR3K.J. Osborn
56%
LTChristian Darrisaw
33%
LGEzra Cleveland
22%
RTBrian O'Neill
11%
CGarrett Bradbury
11%
RGJesse Davis
0%

Score Distribution

Percentile by Number Answered

Percent of People with Each Score

Your Score History

You have not taken this quiz